<?xml version="1.0" encoding="UTF-8"?>
<resp>
  <nextPage>https://data.bn.org.pl/api/networks/bibs.marcxml?marc=001+b00001150003263&amp;sinceId=1150003264</nextPage>
  <collection>
    <record xmlns='http://www.loc.gov/MARC21/slim'><leader>01834namZa2200589ZiZ4500</leader><controlfield tag='001'>b00001150003263</controlfield><controlfield tag='005'>20260402111641.8</controlfield><controlfield tag='008'>230609s2006    pl a         |001 0 pol c</controlfield><controlfield tag='009'>9913262446405606</controlfield><datafield ind1=' ' ind2=' ' tag='020'><subfield code='a'>9788360803714</subfield></datafield><datafield ind1=' ' ind2=' ' tag='035'><subfield code='a'>KR_1KR_1_20120317235926083747-48omnis_kr</subfield></datafield><datafield ind1=' ' ind2=' ' tag='035'><subfield code='a'>KR_1_20120317235926083747</subfield><subfield code='9'>ExL</subfield></datafield><datafield ind1=' ' ind2=' ' tag='035'><subfield code='a'>(PL)b00001150003263</subfield></datafield><datafield ind1=' ' ind2=' ' tag='040'><subfield code='a'>KR_1</subfield><subfield code='c'>KR_1</subfield><subfield code='d'>CHEŁM W</subfield></datafield><datafield ind1='1' ind2=' ' tag='041'><subfield code='a'>pol</subfield><subfield code='h'>eng</subfield></datafield><datafield ind1=' ' ind2=' ' tag='046'><subfield code='k'>2005</subfield></datafield><datafield ind1=' ' ind2=' ' tag='080'><subfield code='8'>1.1\x</subfield><subfield code='a'>58</subfield></datafield><datafield ind1=' ' ind2=' ' tag='080'><subfield code='8'>1.2\x</subfield><subfield code='a'>59</subfield></datafield><datafield ind1=' ' ind2=' ' tag='080'><subfield code='8'>1.3\x</subfield><subfield code='a'>611</subfield></datafield><datafield ind1=' ' ind2=' ' tag='080'><subfield code='8'>1.4\x</subfield><subfield code='a'>(02.053.2)</subfield></datafield><datafield ind1=' ' ind2=' ' tag='084'><subfield code='a'>02</subfield></datafield><datafield ind1='0' ind2='0' tag='245'><subfield code='a'>Świat życia /</subfield><subfield code='c'>[tłumaczenie Anna Pawłowska].</subfield></datafield><datafield ind1='1' ind2=' ' tag='246'><subfield code='i'>Tytuł oryginału:</subfield><subfield code='a'>Living world,</subfield><subfield code='f'>2005</subfield></datafield><datafield ind1=' ' ind2=' ' tag='260'><subfield code='a'>Warszawa :</subfield><subfield code='b'>Przedsiębiorstwo Wydawniczo-Handlowo-Usługowe &quot;Arti Centrum&quot; Artur Rogala,</subfield><subfield code='c'>copyright 2006.</subfield></datafield><datafield ind1=' ' ind2=' ' tag='300'><subfield code='a'>32 strony :</subfield><subfield code='b'>ilustracje ;</subfield><subfield code='c'>28 cm.</subfield></datafield><datafield ind1=' ' ind2=' ' tag='336'><subfield code='a'>Tekst</subfield><subfield code='b'>txt</subfield><subfield code='2'>rdacontent</subfield></datafield><datafield ind1=' ' ind2=' ' tag='337'><subfield code='a'>Bez urządzenia pośredniczącego</subfield><subfield code='b'>n</subfield><subfield code='2'>rdamedia</subfield></datafield><datafield ind1=' ' ind2=' ' tag='338'><subfield code='a'>Wolumin</subfield><subfield code='b'>nc</subfield><subfield code='2'>rdacarrier</subfield></datafield><datafield ind1=' ' ind2=' ' tag='380'><subfield code='a'>Książki</subfield></datafield><datafield ind1='1' ind2=' ' tag='388'><subfield code='a'>2001-</subfield></datafield><datafield ind1='1' ind2=' ' tag='490'><subfield code='a'>Pierwsza Biblioteka Wiedzy</subfield></datafield><datafield ind1=' ' ind2=' ' tag='500'><subfield code='a'>Tytuł oryginału: The living world.</subfield></datafield><datafield ind1=' ' ind2=' ' tag='504'><subfield code='a'>Indeks.</subfield></datafield><datafield ind1=' ' ind2='7' tag='650'><subfield code='a'>Anatomia człowieka</subfield><subfield code='2'>DBN</subfield></datafield><datafield ind1=' ' ind2='7' tag='650'><subfield code='a'>Rośliny</subfield><subfield code='2'>DBN</subfield></datafield><datafield ind1=' ' ind2='7' tag='650'><subfield code='a'>Zwierzęta</subfield><subfield code='2'>DBN</subfield></datafield><datafield ind1=' ' ind2='7' tag='655'><subfield code='a'>Publikacje dla dzieci</subfield><subfield code='2'>DBN</subfield></datafield><datafield ind1='1' ind2=' ' tag='700'><subfield code='a'>Pawłowska, Anna</subfield><subfield code='c'>(tłumaczka)</subfield><subfield code='e'>Tłumaczenie</subfield></datafield><datafield ind1=' ' ind2='0' tag='830'><subfield code='a'>Pierwsza Biblioteka Wiedzy</subfield></datafield><datafield ind1=' ' ind2=' ' tag='852'><subfield code='b'>48OMNIS_NETWORK</subfield><subfield code='8'>9913262446405606</subfield></datafield><datafield ind1=' ' ind2=' ' tag='852'><subfield code='b'>48OMNIS_CHE</subfield><subfield code='8'>99144178407771</subfield></datafield><datafield ind1=' ' ind2=' ' tag='852'><subfield code='8'>2246479360007771</subfield><subfield code='j'>1</subfield><subfield code='b'>CHE_1_F3</subfield><subfield code='p'>K835776</subfield><subfield code='c'>W</subfield></datafield><datafield ind1=' ' ind2=' ' tag='920'><subfield code='a'>978-83-60803-71-4</subfield></datafield></record>
  </collection>
</resp>
